Statistics for AK’s General Knowledge A-Z #4

Click here to take the quiz!

General Stats

  • This quiz has been taken 826 times
  • The average score is 18 of 26

Answer Stats

HintAnswer% Correct
D – dog breed, including 101 dogs that were once in danger of becoming a fur coatDalmatian
98%
G – space movie with Sandra Bullock and George Clooney, or something Newton came up with near an apple treeGravity
95%
Q – the second-most populous province of CanadaQuebec
94%
E – all is well that ___ wellEnds
93%
K – singer-songwriter Alicia whose real surname is Cook, or a chain of islands in Florida BayKeys
93%
Y – the currency you’d probably use to buy a train ticket to Mount FujiYen
92%
M – the founder of SpaceX and product architect of TeslaElon Musk
91%
U – major organ of the female reproductive system (also known as womb)Uterus
91%
S – country where “Crazy Rich Asians” is setSingapore
82%
T – a more familiar name for Eldrick Tont Woods, or an animal in the genus PantheraTiger
82%
J – country where Spanish Town is the second-largest cityJamaica
81%
R – quick, or something that (in plural) you may encounter while canoeing on a riverRapid
78%
W – became the first POTUS in 1789George Washington
77%
C – last name of fictional radio psychiatrist Frasier, or an industrial machinery for liftingCrane
74%
Z – island in the Indian Ocean where Freddie Mercury was fromZanzibar
67%
P – to bring a vehicle to a halt, or a common Korean surnamePark
65%
O – English equivalent of French word “ouvert”, or a type of competition in golf, bowling, etc.Open
62%
B – was the capital of YugoslaviaBelgrade
61%
A – led the Fellowship of the Ring, defeated Sauron's forces in Gondor and was crowned KingAragorn
59%
V – French Enlightenment writer, author of “Candide”Voltaire
55%
F – capital of a notable European country 1865–1871, or athlete ____ Griffith JoynerFlorence
52%
H – H in HTMLHyper
50%
N – something new and original, or something Tolstoy would take his sweet time withNovel
50%
L – weapon in Cluedo (Clue); the early tokens may have been poisonousLead pipe
45%
I – Wagner’s opera “Tristan und ___”Isolde
42%
X – a small family car produced by Citroën, rhymes with the fictional home of Scarlett O'HaraXsara
12%

Score Distribution

Percentile by Number Answered

Percent of People with Each Score

Your Score History

You have not taken this quiz